| 000 | 00312nam a22001097a 4500 | ||
|---|---|---|---|
| 082 | _a621.56 QAS'M | ||
| 100 |
_aQASMI, JAFAR RAZA _979983 |
||
| 245 | _aA MANUAL ON REFRIGEARTION AIR CONDITIONING AND COLD STORAGE PRACTICE | ||
| 260 |
_aRAWALPINDI _bPHOTO COPY COLLEGE OF EME _c1969 |
||
| 300 | _a389P | ||
| 942 | _cBK | ||
| 999 |
_c584963 _d584963 |
||